Problemática actual en el cultivo del ostión del norte y ostra japonesa

Saved in:
Bibliografiske detaljer
Main Authors: Flores Gatica, Héctor Ricardo (Author), Maureira Zamora, Juan C (Author)
Format: Bog
Sprog:spansk
Udgivet: Coquimbo Universidad del Norte, Facultad de Ciencias del Mar, Departamento de Acuacultura 1988
Fag:
Tags: Tilføj Tag
Ingen Tags, Vær først til at tagge denne postø!

MARC

LEADER 00000nam a2200000 a 4500
001 UCV4905
003 CL-VaPUC
005 20220315074408.0
008 901024e19880000cl 1 spa d
082 0 4 |a 639.4  |b FLO  |2 21 
100 1 |a Flores Gatica, Héctor Ricardo  |e author  |9 616493 
700 1 |a Maureira Zamora, Juan C  |e author  |9 616494 
245 1 0 |a Problemática actual en el cultivo del ostión del norte y ostra japonesa 
260 |a Coquimbo  |b Universidad del Norte, Facultad de Ciencias del Mar, Departamento de Acuacultura  |c 1988 
300 |a 216 p 
583 |a last modification  |c 19901024 00:00:00  |k Rodrigo Vera 
650 0 7 |a OSTRAS  |2 CL-VaPUC  |9 261545 
650 0 7 |a BIVALVOS  |2 CL-VaPUC  |9 261308 
650 0 7 |a OSTRICULTURA  |2 CL-VaPUC  |9 261307 
650 0 0 |a Congresos  |9 257560 
942 |c BK 
945 |d 19901024 00:00:00 
546 |a En Español 
518 |p Taller de Acuacultura, 4, Coquimbo, Chile, 1988 
999 |c 381963  |d 381961 
952 |0 0  |1 0  |4 0  |6 639_400000000000000_FLO_1988  |7 0  |8 CCM  |9 503348  |a BIBCUR  |b BIBCUR  |d 2020-01-23  |i 2587521  |o 639.4 FLO 1988  |p 2587521  |r 2025-04-22  |w 2020-01-23  |y BK_R  |k CIM 
952 |0 0  |1 0  |4 0  |6 639_400000000000000_FLO_1988  |7 0  |8 CCM  |9 503349  |a BIBCUR  |b BIBCUR  |d 2020-01-23  |i 258753K  |o 639.4 FLO 1988  |p 258753K  |r 2025-04-22  |w 2020-01-23  |y BK_R  |k CIM